| 000 | 01322nam a2200241Ia 4500 | ||
|---|---|---|---|
| 003 | Ost | ||
| 005 | 20260507075655.0 | ||
| 008 | 260507s9999||||xx |||||||||||||| ||und|| | ||
| 040 | _cfsecg | ||
| 041 | _aara | ||
| 082 | _a658.8 | ||
| 100 |
_aعكروش، مأمون نديم _eمؤلف |
||
| 245 | 0 |
_aتطوير المنتجات الجديدة : _bمدخل استراتيجي متكامل وعصري / _c مأمون نديم عكروش |
|
| 260 |
_aعمان: _bدار وائل, _c2004 |
||
| 300 |
_a499 صفحة؛ _bإيضاحات ؛ _c24 سم |
||
| 504 | _aالمراجع ص.481 | ||
| 520 | _aمدخل استراتيجي متكامل، التخطيط الاستراتيجي للمنتجات الجديدة، استراتيجية المنتجات الجديدة، عملية تطوير منتجات جديدة، خلق وتطوير مفهوم المنتج الجديد، تطوير المنتجات الجديدة، استراتيجيات تسويق المنتجات الجديدة، طرح وادارة المنتجات الجديدة في السوق، ادارة عملية طرح المنتج الجديد في السوق. | ||
| 653 | _aإدارة التسويق | ||
| 653 | _aالتخطيط | ||
| 653 | _aالتسويق | ||
| 700 |
_aعكروش، سهير نديم _eمؤلف ثانوي |
||
| 942 | _cكتاب | ||
| 999 |
_c45684 _d45684 |
||